000 nam a22 7a 4500
999 _c332420
_d332420
003 NUST
005 20171204133811.0
008 171204b xxu||||| |||| 00| 0 eng d
020 _a8188305057
040 _c0
082 _a628.53 RAY
100 _aRay,T.K.
_96933
245 _aAir Pollution Control in Industries vol-1:
_bTheory, Selection & Design of air pollution control equipment
_cT.K.Ray
260 _aNew Delhi
_bTech Books International
_c2004.
300 _a445p.
500 _aH.B
942 _2ddc
_cBK
_kIESE